Online Catalogue and eLibrary

Kingdom's end and other stories (Record no. 3342)

MARC details
000 -LEADER
fixed length control field 00374nam a2200157Ia 4500
005 - DATE AND TIME OF LATEST TRANSACTION
control field 20241113022654.0
008 - FIXED-LENGTH DATA ELEMENTS--GENERAL INFORMATION
fixed length control field 240331s9999 xx 000 0 und d
020 ## - INTERNATIONAL STANDARD BOOK NUMBER
ISBN
082 ## - DDC Classification
Item Number - Author Mark MAN
Class No. 823
100 ## - MAIN ENTRY--PERSONAL NAME
Personal name Manto,S.H
245 #0 - TITLE STATEMENT
Title Kingdom's end and other stories
260 ## - PUBLICATION, DISTRIBUTION, ETC.
Place of publication, distribution, etc. New Delhi
Name of publisher, distributor, etc. Penguin Books
Date of publication, distribution, etc. 1989
300 ## - PHYSICAL DESCRIPTION
Extent (e.g. Volumes, Pages etc.) 257 p .,
650 ## - SUBJECT ADDED ENTRY--TOPICAL TERM
Topical term or geographic name entry element Short Stories
942 ## - Koha item type (Biblio)
Koha item type Books in Stacks (Lending)
Holdings
Lost status Damaged status Collection code Home library Current library Shelving location Date acquired Full call number Accession Number Item type
    Lending WERC Library WERC Library Social Science Cupboard 03/31/2024 823 MAN 523 Books in Stacks (Lending)

© WERC Library